000 00964nam a2200301 a 4500
005 20200104041531.0
008 140305s1997 ec d fr|||| 000 0 spa d
040 _aCO-BoIAVH
_cCO-BoIAVH
041 0 _aspa
044 _aec
082 0 4 _a354.334
_bM53e
100 1 _aMena, Patricio A.
245 1 0 _aEstudios biológicos para la conservación :
_bdiversidad, ecología y etnobiología /
_cECOCIENCIA
260 _aQuito :
_bECOCIENCIA,
_c1997.
300 _axii, 437 páginas :
_bGráficos ;
_c27 x 19 cm.
650 6 _aConservación de biodiversidad
650 6 _aBiodiversidad
650 6 _aEcología
650 6 _aEtnobiología
650 6 _aInventarios
650 6 _aVertebrados
650 6 _aInvestigación científica
700 1 _aSoldi, Adrina
700 1 _aAlarcón, Rocío
700 1 _aChiribiga, Carolina
700 1 _aSuárez, Luis
942 _cLIBRO
_2ddc
999 _c2363
_d2363